ART OF THE WESTERN WORLD / (Record no. 615468)

000 -LEADER
fixed length control field 00555nam a22001337a 4500
020 ## - INTERNATIONAL STANDARD BOOK NUMBER
Qualifying information HB.
040 ## - CATALOGING SOURCE
Transcribing agency FIZZA ISHAQ
082 ## - DEWEY DECIMAL CLASSIFICATION NUMBER
Classification number 709
Author Mark BRU
100 ## - MAIN ENTRY--PERSONAL NAME
Personal name BRUCE COLE,ADELHEID GEALT.
9 (RLIN) 132208
245 ## - TITLE STATEMENT
Title ART OF THE WESTERN WORLD /
Statement of responsibility, etc. BRUCE COLE AND ADELHEID GEALT.
260 ## - PUBLICATION, DISTRIBUTION, ETC.
Place of publication, distribution, etc. NEW YORK;
Name of publisher, distributor, etc. SUMMIT BOOKS,
Date of publication, distribution, etc. 1989.
300 ## - PHYSICAL DESCRIPTION
Extent 345 P. ;
Dimensions 10X8IN
942 ## - ADDED ENTRY ELEMENTS (KOHA)
Source of classification or shelving scheme
Koha item type Book
Holdings
Withdrawn status Lost status Source of classification or shelving scheme Damaged status Not for loan Permanent Location Current Location Shelving location Date acquired Total Checkouts Full call number Barcode Date last seen Price effective from Koha item type
          NUST Baluchistan Campus (NBC) NUST Baluchistan Campus (NBC) General Stacks 12/08/2025   709 BRU QD-862 12/08/2025 12/08/2025 Book
© 2023 Central Library, National University of Sciences and Technology. All Rights Reserved.